| 000 | 00444nam a22001817a 4500 | ||
|---|---|---|---|
| 003 | MPLRDC | ||
| 005 | 20220104124802.0 | ||
| 008 | 210129b ||||| |||| 00| 0 eng d | ||
| 020 | _a962-239-852-9 | ||
| 082 | _a573.07 ZGXW | ||
| 100 | _a中国新闻社编 | ||
| 245 |
_a中国政策法令一百问 _c |
||
| 250 | _a初版 | ||
| 260 |
_a _b香港上海书局 _c1988 |
||
| 300 | _b平 | ||
| 650 | _a中国政策 | ||
| 942 |
_cBK _o573.07 ZGXW |
||
| 999 |
_c22126 _d22116 |
||